Colombia, un país de oportunidades = : (Registro nro. 7254)

Detalles MARC
000 -LEADER
fixed length control field 01467cam a2200313 i 4500
003 - CONTROL NUMBER IDENTIFIER
control field OSt
005 - DATE AND TIME OF LATEST TRANSACTION
control field 20210219130249.0
007 - PHYSICAL DESCRIPTION FIXED FIELD--GENERAL INFORMATION
fixed length control field ta
008 - FIXED-LENGTH DATA ELEMENTS--GENERAL INFORMATION
fixed length control field 191127t20122012ck ao gr 000 0 spa d
020 ## - INTERNATIONAL STANDARD BOOK NUMBER
International Standard Book Number 9789588293905
040 ## - CATALOGING SOURCE
Original cataloging agency CO-BoPUJ
Transcribing agency CO-JMCR
041 0# - LANGUAGE CODE
Language code of text/sound track or separate title spa
Language code of original eng
043 ## - GEOGRAPHIC AREA CODE
Geographic area code s-ck---
082 04 - DEWEY DECIMAL CLASSIFICATION NUMBER
Classification number 918.61 /
Item number L791p
Edition number 23
100 1# - MAIN ENTRY--PERSONAL NAME
Personal name Llano Restrepo, Adriana
Relator term autora
9 (RLIN) 13511
245 10 - TITLE STATEMENT
Title Colombia, un país de oportunidades = :
Remainder of title Colombia, a country of opportunity /
Statement of responsibility, etc. textos Adriana Llano Restrepo ; traducción al inglés,
246 31 - VARYING FORM OF TITLE
Title proper/short title Colombia, a country of opportunity
250 ## - EDITION STATEMENT
Edition statement Primera edición.
264 #1 - PRODUCTION, PUBLICATION, DISTRIBUTION, MANUFACTURE, AND COPYRIGHT NOTICE
Place of production, publication, distribution, manufacture Bogotá :
Name of producer, publisher, distributor, manufacturer Villegas Editores,
Date of production, publication, distribution, manufacture, or copyright notice 2012.
300 ## - PHYSICAL DESCRIPTION
Extent 189 páginas :
Other physical details ilustraciones, fotos a color ;
Dimensions 31 cm.
504 ## - BIBLIOGRAPHY, ETC. NOTE
Bibliography, etc. note Incluye referencias bibliográficas.
505 0# - FORMATTED CONTENTS NOTE
Formatted contents note Biodiversidad -- Sostenibilidad ambiental --- Cultura -- Ciencia, Tecnología e innovación -- Educación -- Deporte y recreación -- Turismo -- Bienestar y equidad social -- Desarrollo agropecuario -- Infraestructura : vías terrestres, marítimas, fluviales y aéreas -- Urbanismo, vivienda y arquitectura -- Comercio exterior -- Desarrollo empresarial -- Minas y energía
546 ## - LANGUAGE NOTE
Language note Texto en español e ingles,
651 #4 - SUBJECT ADDED ENTRY--GEOGRAPHIC NAME
Geographic name Colombia
Form subdivision Obras ilustradas
9 (RLIN) 13696
651 #4 - SUBJECT ADDED ENTRY--GEOGRAPHIC NAME
Geographic name Colombia
General subdivision Fotografías
9 (RLIN) 13697
651 #4 - SUBJECT ADDED ENTRY--GEOGRAPHIC NAME
Geographic name Colombia
General subdivision Descripciones y viajes
9 (RLIN) 11807
700 ## - ADDED ENTRY--PERSONAL NAME
Personal name Dromgold, Margaret (Pegi),
Relator term traductora
9 (RLIN) 13698
942 ## - ADDED ENTRY ELEMENTS (KOHA)
Source of classification or shelving scheme Dewey Decimal Classification
Koha item type Books
Existencias
Withdrawn status Lost status Source of classification or shelving scheme Damaged status Not for loan Home library Current library Shelving location Date acquired Source of acquisition Total Checkouts Full call number Barcode Date last seen Date last checked out Price effective from Koha item type
    Dewey Decimal Classification     Biblioteca Pública José María del Castillo y Rada Biblioteca Pública José María del Castillo y Rada General Stacks 10/02/2020 Donación 5 918.61 / L791p 201810302 08/25/2025 08/25/2025 10/02/2020 Books